Quaid i Azam Mohammad Ali Jinnah A Bunch of Rare Letters (Record no. 549515)
[ view plain ]
| 000 -LEADER | |
|---|---|
| fixed length control field | 00395nam a22001337a 4500 |
| 082 ## - DEWEY DECIMAL CLASSIFICATION NUMBER | |
| Classification number | 923.15491 |
| Author Mark | SAE |
| -- | L - NUST-01 P - 48 |
| 100 ## - MAIN ENTRY--PERSONAL NAME | |
| Personal name | Ahmad Saeed |
| 9 (RLIN) | 16647 |
| 245 ## - TITLE STATEMENT | |
| Title | Quaid i Azam Mohammad Ali Jinnah A Bunch of Rare Letters |
| Remainder of title | Quaid i Azam Mohammad Ali Jinnah |
| 250 ## - EDITION STATEMENT | |
| Edition statement | Ist |
| 300 ## - PHYSICAL DESCRIPTION | |
| Other physical details | ill |
| Dimensions | 21cm |
| 526 ## - STUDY PROGRAM INFORMATION NOTE | |
| Program name | 0 |
| Interest level | 0 |
| Reading level | 0 |
| Title point value | 923_154910000000000_SAE |
| 650 ## - SUBJECT ADDED ENTRY--TOPICAL TERM | |
| Topical term or geographic name entry element | MCE |
| 9 (RLIN) | 379 |
| 942 ## - ADDED ENTRY ELEMENTS (KOHA) | |
| Source of classification or shelving scheme | |
| Koha item type | Book |
| Withdrawn status | Lost status | Source of classification or shelving scheme | Damaged status | Not for loan | Permanent Location | Current Location | Date acquired | Total Checkouts | Full call number | Barcode | Date last seen | Price effective from | Koha item type |
|---|---|---|---|---|---|---|---|---|---|---|---|---|---|
| Military College of Engineering (MCE) | Military College of Engineering (MCE) | 09/26/2014 | 923.15491 SAE | MCE-44672 | 09/26/2014 | 09/26/2014 | Book |
